Spinning Tops : a course on integrable systems

Αποθηκεύτηκε σε:
Λεπτομέρειες βιβλιογραφικής εγγραφής
Κύριος συγγραφέας: Audin, Michele
Μορφή: Βιβλίο
Γλώσσα:English
Δημοσίευση: Cambridge ; New York : Cambridge University Press, 1996
Σειρά:Cambridge studies in advanced mathematics ; ; 51
Θέματα:
Ετικέτες: Προσθήκη ετικέτας
Δεν υπάρχουν, Καταχωρήστε ετικέτα πρώτοι!

MARC

LEADER 00000nam a2200000 i 4500
001 1/37448
008 970422s1996 eng d
020 |a 0-521-56129-9 
035 |1 ΕΛΗ  |a 1997  |b 1604  |c ΔΗΜΑΚΗΣ  |l 10040512 
040 |a GR-MY-UA  |b gre  |e aacr 
041 0 |a eng 
082 0 |a 531.340151474 
100 1 |a Audin, Michele. 
245 1 0 |a Spinning Tops :  |b a course on integrable systems /  |c Michele Audin 
260 |a Cambridge ; New York :   |b Cambridge University Press,   |c 1996 
300 |a vi, 139 p.;  |b ill.;  |c 24 cm. 
490 1 |a Cambridge studies in advanced mathematics  |v ; 51 
500 |a Includes bibliographical references (p. [131]-136) AND INDEX 
650 0 0 |a Tops. 
830 0 |a Cambridge studies in advanced mathematics ;  |v ; 51 
852 |a INST  |b SAMOS  |e 19970422  |h 531.340151474 AUD  |p 005300008873  |q 005300008873  |t BK  |y 0 
901 |a BIBL-1997-2 
909 |a Σ  |b 050841